Orta Doğu Teknik Üniversitesi (Record no. 6362)

MARC details
000 -BAŞLIK
Sabit Uzunlukta Kontrol Alanı 00774na a2200217 4500
001 - KONTROL NUMARASI
Denetim Alanı 19340
003 - KONTROL NUMARASI IDENTIFIER
Denetim Alanı MIRAKIL
005 - SON İŞLEM TARİHİ VE ZAMANI
Denetim Alanı 20181213155105.0
008 - SABİT-BOY VERİ ELEMANLARI - GENEL BİLGİLER
Sabit Uzunlukta Kontrol Alanı 161213b tu 000 0
040 ## - KATALOGLAMA KAYNAK
Orijinal Kataloglama Ajansı Milas
Kataloglama Dili tur
Metne Dönüştürmek Ajansı TR-AnCHP
041 ## - DİL KODU
Metin / Ses Parça Veya Ayrı Başlığın Dil Kodu tur
082 ## - DEWEY ONLU SINIFLANDIRMA NUMARASI
Sınıflandırma Numarası 378.072
Ürün Numarası L57 1992
090 ## - SINIFLAMA NUMARASI
Sınıflama Numarası 378.072 L57 1992
245 ## - BAŞLIK TABLOSU
Başlık Orta Doğu Teknik Üniversitesi
Başlığın Kalan Fen Bilimleri Enstitüsü, Sosyal Bilimleri Enstitüsü, Deniz Bilimleri Enstitüsü
Sorumluluk Tablosu, Vb ODTÜ
246 ## - UNVAN FORM VARYING
Başlık Doğru / Kısa Başlığı Fen Bilimleri Enstitüsü, Sosyal Bilimleri Enstitüsü, Deniz Bilimleri Enstitüsü
260 ## - YAYIN, DAĞITIM, VB
Yayın, Dağıtım, Vb Yeri [Ankara]
Yayıncı, Dağıtıcı, Vs Adı Orta Doğu Teknik Üniversitesi
Yayın, Dağıtım, Vb Tarihi 1992
300 ## - FİZİKSEL TANIM
Kapsam 129 s.
Boyutlar 24 sm.
610 ## - KONU KATMA GİRİŞ - TOPLANTI ADI
Giriş Elemanı Olarak Kurumsal Ad Veya Yargı Alanı Adı Orta Doğu Teknik Üniversitesi
Genel Alt Bölüm Tez Özetleri
Coğrafi Alt Bölüm Türkiye
650 ## - KONU KATMA GİRİŞ - TOPİKAL DÖNEM
Topikal Süreli Veya Coğrafi Ad Giriş Elemanı Üniversiteler
Coğrafi Alt Bölümü Türkiye
942 ## - EKLENDİ GİRİŞ ELEMANLARI (KOHA)
Sınıflandırma Veya Raf Düzeni Kaynak Dewey Decimal Classification
Koha Öğesi Türü Books
999 ## - SİSTEM KONTROL NUMARALARI (KOHA)
Koha Biblionumber 6362
Koha Biblioitemnumber 6362
Holdings
Kalıcı Konum Mevcut Konum Edinme Tarihi Edinim Kaynak Toplam Check-Out'Lar Tam Çağrı Numarası Barkod Tarih Son Görülme İtibaren Geçerli Fiyatlar Koha Öğesi Türü
CHP Kütüphanesi CHP Kütüphanesi 12/13/2016 Bağış   378.072 L57 1992 010667 12/13/2016 12/13/2016 Books